Tile Select - Country Clues #2 - Statistics

General Stats
  • This quiz has been taken 12 times
    4 since last reset
  • The average score is 42 of 60
Answer Stats
Question Tile Select % Correct
Countries That Have Hosted The Summer Olympics Australia Yes
100%
Top 30 Military Power Bangladesh No
100%
Top 30 Military Power Bulgaria No
100%
More Than 5 Cities With Over 1 Million People China Yes
100%
Countries That Have Hosted The Summer Olympics Colombia No
100%
Over $10,000 GDP Per Capita Dominica No
100%
Countries That Have Hosted The Summer Olympics France Yes
100%
Top 30 Military Power Germany Yes
100%
Countries That Have Hosted The Summer Olympics Germany Yes
100%
Top 30 Military Power Hungary No
100%
More Than 5 Cities With Over 1 Million People India Yes
100%
Countries That Have Hosted The Summer Olympics Indonesia No
100%
Countries That Have Hosted The Summer Olympics Iran No
100%
More Than 5 Cities With Over 1 Million People Mexico Yes
100%
Countries That Have Hosted The Summer Olympics Namibia No
100%
Over $10,000 GDP Per Capita Nicaragua No
100%
More Than 5 Cities With Over 1 Million People Pakistan Yes
100%
Over $10,000 GDP Per Capita Rwanda No
100%
More Than 5 Cities With Over 1 Million People USA Yes
100%
Over $10,000 GDP Per Capita Vanuatu No
100%
Top 30 Military Power Andorra No
75%
Top 30 Military Power Australia Yes
75%
More Than 5 Cities With Over 1 Million People Australia No
75%
Larger than 400,000 KM^2 Azerbaijan No
75%
Countries That Have Hosted The Summer Olympics Canada Yes
75%
Top 30 Military Power Colombia No
75%
Larger than 400,000 KM^2 Gabon No
75%
Over $10,000 GDP Per Capita Georgia No
75%
Countries That Have Hosted The Summer Olympics Greece Yes
75%
More Than 5 Cities With Over 1 Million People Indonesia Yes
75%
Larger than 400,000 KM^2 Madagascar Yes
75%
Larger than 400,000 KM^2 Nepal No
75%
More Than 5 Cities With Over 1 Million People Nigeria Yes
75%
Over $10,000 GDP Per Capita Russia Yes
75%
Top 30 Military Power Thailand No
75%
Larger than 400,000 KM^2 Turkey Yes
75%
Larger than 400,000 KM^2 USA Yes
75%
Over $10,000 GDP Per Capita Egypt No
50%
Top 30 Military Power Greece Yes
50%
Top 30 Military Power Iraq No
50%
Larger than 400,000 KM^2 Montenegro No
50%
Larger than 400,000 KM^2 Morocco Yes
50%
Larger than 400,000 KM^2 Pakistan Yes
50%
Larger than 400,000 KM^2 Paraguay Yes
50%
Countries That Have Hosted The Summer Olympics Portugal No
50%
Over $10,000 GDP Per Capita Serbia Yes
50%
Top 30 Military Power Spain Yes
50%
Larger than 400,000 KM^2 Sri Lanka No
50%
Countries That Have Hosted The Summer Olympics Sweden Yes
50%
Countries That Have Hosted The Summer Olympics Turkey No
50%
Over $10,000 GDP Per Capita Albania Yes
25%
Over $10,000 GDP Per Capita Brunei Yes
25%
More Than 5 Cities With Over 1 Million People Germany No
25%
Larger than 400,000 KM^2 Guatemala No
25%
Over $10,000 GDP Per Capita Hungary Yes
25%
Top 30 Military Power Indonesia Yes
25%
More Than 5 Cities With Over 1 Million People South Africa No
25%
Over $10,000 GDP Per Capita Uruguay Yes
25%
More Than 5 Cities With Over 1 Million People Vietnam No
25%
More Than 5 Cities With Over 1 Million People Bangladesh No
0%
No matching quizzes found
Score Distribution
Percent of People with Each Score
Percentile by Number Answered
Your Score History
You have not taken this quiz since the last reset